| 000 | 00000nam 2200000zi 4500 |
| 001 | 9.938616 |
| 003 | CaOODSP |
| 005 | 20250110102531 |
| 006 | m o d f |
| 007 | cr mn||||||||| |
| 008 | 240524e19820107onca obs f000 0 eng d |
| 040 | |aCaOODSP|beng|erda|cCaOODSP |
| 043 | |an-cn---|ax6x8 |
| 086 | 1 |aId40-13/1982E-PDF |
| 100 | 1 |aMurison, Donald D., |eauthor. |
| 245 | 14|aThe Canadian paint and coating industry / |cDonald D. Murison. |
| 264 | 1|aOttawa : |bDepartment of Industry, Trade and Commerce, Chemicals Branch, |cJanuary 7, 1982. |
| 300 | |a1 online resource (1 volume (various pagings)) : |billustrations |
| 336 | |atext|btxt|2rdacontent |
| 337 | |acomputer|bc|2rdamedia |
| 338 | |aonline resource|bcr|2rdacarrier |
| 500 | |a"Sector report." |
| 500 | |aDigitized edition from print [produced by Innovation, Science and Economic Development Canada]. |
| 504 | |aIncludes bibliographical references. |
| 650 | 0|aPaint industry and trade|zCanada. |
| 650 | 0|aProtective coatings industry|zCanada. |
| 650 | 0|aPaint industry and trade|zCanada|vStatistics. |
| 650 | 0|aProtective coatings industry|zCanada|vStatistics. |
| 650 | 6|aPeinture (Produit chimique)|xIndustrie|zCanada. |
| 650 | 6|aRevêtements protecteurs|xIndustrie|zCanada. |
| 650 | 6|aPeinture (Produit chimique)|xIndustrie|zCanada|vStatistiques. |
| 650 | 6|aRevêtements protecteurs|xIndustrie|zCanada|vStatistiques. |
| 655 | 7|aStatistics|2lcgft |
| 655 | 7|aStatistiques|2rvmgf |
| 710 | 1 |aCanada. |bDepartment of Industry, Trade and Commerce. |bChemicals Branch, |eissuing body. |
| 856 | 40|qPDF|s1.02 MB|uhttps://publications.gc.ca/collections/collection_2025/isde-ised/Id40-13-1982-eng.pdf |